000 00721nam a2200169 4500
999 _c371028
_d371028
008 210326b ||||| |||| 00| 0 eng d
040 _aDE-2950
_bger
_cDE-2950
_erda
245 _aGedenkstätte erhält fast zwei Millionen Euro.
_bGeld fließt aus DDR-Parteivermögen für Projektförderung in die Oderstadt / Neuer Anbau für Dokumentationsstätte.
653 _aFrankfurt (Oder)
653 _aFrankfurter Gedenkstätte für die Opfer politischer Gewaltherrschaft (MWFK)
653 _aProjektförderung
773 _dFrankfurt (Oder) : Märkisches Medienhaus
_tMärkischer Sonntag
_g23. Jahrgang, Nr. 43 vom 23./24.10.2021, S. 1
942 _cA